Rudern: Olympiasieger im Achter (Männer) - Statistiken

Allgemein
  • Dieses Quiz wurde 219 mal gespielt
    76 seit der letzten Aktualisierung
  • Das Durchschnittsergebnis liegt bei 27 aus 29
Antwortstatistiken
Jahr Austragungsort Goldmedaille % Korrekt
1960 Rom Deutschland
98%
2012 London Deutschland
98%
1900 Paris Vereinigte Staaten
98%
1904 St. Louis Vereinigte Staaten
98%
1920 Antwerpen Vereinigte Staaten
98%
1924 Paris Vereinigte Staaten
98%
1928 Amsterdam Vereinigte Staaten
98%
1932 Los Angeles Vereinigte Staaten
98%
1936 Berlin Vereinigte Staaten
98%
1948 London Vereinigte Staaten
98%
1952 Helsinki Vereinigte Staaten
98%
1956 Melbourne Vereinigte Staaten
98%
1964 Tokio Vereinigte Staaten
98%
2004 Athen Vereinigte Staaten
98%
1968 Mexiko-Stadt BRD
95%
1988 Seoul BRD
95%
1908 London Großbritannien
89%
1912 Stockholm Großbritannien
89%
2000 Sydney Großbritannien
89%
2016 Rio de Janeiro Großbritannien
89%
2024 Paris Großbritannien
89%
1996 Atlanta Niederlande
86%
1984 Los Angeles Kanada
82%
1992 Barcelona Kanada
82%
2008 Peking Kanada
82%
1976 Montreal DDR
77%
1980 Moskau DDR
77%
1972 München Neuseeland
76%
2020 Tokio Neuseeland
76%
Keine übereinstimmenden Quizze gefunden
Verteilung der Resultate
Anzahl Personen mit jedem Resultat
Perzentil nach korrekt beantworteten Fragen
Ihre Resultats-Entwicklung
Sie haben dieses Quiz seit der letzten Aktualisierung nicht gespielt